00830nam a2200193 i 4500001000300000245016600003260006900169300002900238650005100267650004900318700003100367710004500398020001500443040000800458041000800466080002300474008004100497856009800538bg10aPomorze w systemie obrony Polski w okresie międzywojennym i po II wojnie światowej /cred. nauk. Tadeusz Kmiecik ; Pomorska Akademia Pedagogiczna w Słupsku. aSłupsk :bWydawnictwo Pomorskiej Akademii Pedagogicznej,c2004. a255 s. :bfot. ;c24 cm. 9aSystem obronny państwazPolskay1918-1939 r. 9aSystem obronny państwazPolskayod 1945 r.1 aKMIECIK, Tadeuszd(1935- ) 0aPomorska Akademia Pedagogiczna (Słupsk) a8388731491 cBPK0 apol a355(438)"1918/..." s pl f |000 0 pol  uhttp://koha.tu.koszalin.pl/cgi-bin/koha/opac-detail.pl?biblionumber=51885yKatalog online BPK